000 00470nam a2200181Ia 4500
008 090124s9999 xx 000 0 und d
082 _b13557
_a3198
100 _aकाळे श्रीपाद
245 _a अभोगी
250 _a1
260 _c1963
300 _a118
600 _aकाळे श्रीपाद
630 _a अभोगी
700 _aकाळे श्रीपाद
730 _a अभोगी
942 _cBOOK
999 _c127496
_d127496